000 00772nam a2200205 a 4500
001 000046375
005 20240412074305.0
008 150806s1999 dr a 000 0 spa d
040 _aDO-SdBNP
_bspa
_cBNPHU
082 _aRD861.44
_bM671h, 1999
100 1 _aMir, Pedro,
_d1913-2000
_97245
245 1 0 _aHay un país en el mundo :
_bpoema gris en varias ocaciones /
_cPedro Mir ; editor Tomás Castro Burdiez ; ilustraciones Consuelo Gotay.
260 _aSanto Domingo :
_bCorripio,
_c1999.
300 _a30 p. :
_bil., ;
_c28 cm.
600 0 _aMIR, PEDRO,
_d1913-2000
_xCRÍTICA E INTERPRETACIÓN
_919950
650 0 _aPoesía dominicana
_966
650 0 _aLiteratura dominicana.
_967
700 1 _aGotay, Consuelo,
_eil.
_974407
700 _aCastro, Tomás,
_d1959-
_eed.
_924641
999 _c45864
_d45864